| 000 | 01409nam a22003257a 4500 | ||
|---|---|---|---|
| 005 | 20130719103048.0 | ||
| 008 | 100714t xxu||||| |||| 00| 0 eng d | ||
| 010 | _aENG-96393 | ||
| 020 |
_a9780198068327 _c495.00 |
||
| 020 |
_a0198068328 _c495.00 |
||
| 035 | _aEN-79926 | ||
| 037 | _bDBAD/PUB | ||
| 040 |
_aDpl _bEng |
||
| 082 | _a330.951 | ||
| 100 | _aBardhan, Pranab | ||
| 245 |
_aAwakening giants, feet of clay : _bassessing the economic rise of China and India / _cby Pranab Bardhan. |
||
| 260 |
_aNew Delhi _bOxford University Press _c2010 |
||
| 270 |
_aYMCA Library Building, Jai Singh Road _bNew Delhi _e110001 |
||
| 300 |
_a172p. _c25cm.(Hb) |
||
| 500 | _aIncludes bibliographical references and index. | ||
| 505 | _a Introduction : the myths floating around the giants -- Economic reform and growth : differing patterns and institutions -- Agriculture : still the most crowded sector -- Infrastructure : the dazzling difference -- High saving, low financial intermediatio | ||
| 651 |
_aChina _xEconomic policy _y2000- |
||
| 651 |
_a India _xEconomic policy _y1991- |
||
| 651 |
_aChina _xEconomic conditions _y2000- |
||
| 651 |
_a India _xEconomic conditions _y2000- |
||
| 651 |
_a India _xEconomic conditions _y1991- |
||
| 651 |
_a China _xSocial conditions _y2000- |
||
| 651 |
_a India | _xSocial conditions _y20th century. |
||
| 942 |
_2ddc _cEN _h330.951 _mBAR |
||
| 999 |
_c36928 _d36928 |
||